000 00467nam a2200169Ia 4500
001 39502
008 140423s9999 xx 000 0 und d
020 _a8131405885
040 _cPK-LaUMT
082 _a 658.785
_bWAR-
100 _aKrishna, S. Jaya
245 _aWarehouse management system
_benchancing the supply chain management
_cKrishna, S. Jaya
260 _aHyderabad,India:
_bThe Icfai University,
_c2006
300 _a203 p.
546 _aEN
942 _cBK
999 _c38810
_d38810